000 00716cam a22002413a 4500
001 16937
003 PGUSA
005 20140828083348.0
008 051025s2005||||xxu|||||s|||||000 | eng d
040 _aPGUSA
_beng
042 _adc
050 4 _aBJ
100 1 _aMorley, John,
_d1838-1923
245 1 0 _aCritical Miscellanies (Vol 2 of 3) :
_bEssay 1: Vauvenargues
_h[electronic resource] /
_cJohn Morley
260 _bProject Gutenberg,
_c2005
506 _aPublic domain in the USA.
516 _aElectronic text
653 _aVauvenargues, 1715-1747
653 _aPhilosophers -- France -- Biography
830 0 _aProject Gutenberg
_v16937
856 4 0 _uhttp://www.gutenberg.org/ebooks/16937
942 _cEB
999 _c246192
_d246192